Language Quiz

Random Language or Country Quiz

Writing Systems of the World Quiz Stats

 Plays Quiz Updated Jul 17, 2018

Score 0/15 Timer 03:00
2 Plays Today
% Correct
Greece
94.5%
Italy
90.9%
United States
89.7%
Myanmar
83.3%
Indonesia
81.2%
Cambodia
77.3%
China
76.6%
Canada
70.5%
% Correct
Bulgaria
67.6%
India
64.3%
Sri Lanka
61.7%
Ethiopia
55.9%
Japan
52.1%
South Korea
51.8%
Maldives
41%

You're not logged in!

Compare scores with friends on all Sporcle quizzes.
OR
Log In

Sporcle TV

Today on Sporcle TV


Watch our educational content, quiz creation guides, and fun videos on Sporcle TV.

Show Comments

Extras

Top Quizzes Today


Score Distribution

Your Account Isn't Verified!

In order to create a playlist on Sporcle, you need to verify the email address you used during registration. Go to your Sporcle Settings to finish the process.

Report this User

Report this user for behavior that violates our Community Guidelines.

Details: